书目信息 |
| 题名: |
中(高)压大功率变频器应用手册
|
|
| 作者: | 吴忠智 , 吴加林 编著 | |
| 分册: | ||
| 出版信息: | 北京 机械工业出版社 2003 |
|
| 页数: | 465页 | |
| 开本: | 20cm | |
| 丛书名: | ||
| 单 册: | ||
| 中图分类: | TN773 | |
| 科图分类: | ||
| 主题词: | 大功率--变频器--基本知识 , 大功率 , 变频器 | |
| 电子资源: | ||
| ISBN: | 7-111-12885-0 | |
| 000 | 00930nam0 2200277 45 | |
| 001 | 0120066009402 | |
| 005 | 20070116165044.35 | |
| 010 | @a7-111-12885-0@dCNY35.00 | |
| 092 | @aCN@b505874 | |
| 100 | @a20060930d2003 em y0chiy0120 ea | |
| 101 | 0 | @achi |
| 102 | @aCN@b110000 | |
| 105 | @ay z 000yy | |
| 200 | 1 | @a中(高)压大功率变频器应用手册@Azhong ( gao ) ya da gong lu^ bian pin qi ying yong shou ce@f吴忠智,吴加林编著@Fwu zhong zhi, wu jia lin bian zhu |
| 210 | @a北京@c机械工业出版社@d2003 | |
| 215 | @a465页@d20cm | |
| 320 | @a有书目 | |
| 330 | @a本书介绍中(高)压变频器发展史及国内外现状、种类、原理及特点;应用的元器件特性;变频器对电动机的控制方式等内容。 | |
| 606 | 0 | @a大功率@x变频器@x基本知识 |
| 606 | 0 | @a大功率 |
| 606 | 0 | @a变频器 |
| 690 | @aTN773@v4 | |
| 701 | 0 | @a吴忠智@Awu zhong zhi@4编著 |
| 701 | 0 | @a吴加林@Awu jia lin@4编著 |
| 801 | 0 | @aCN@bLZJBOOK@c20070116 |
| 905 | @a10447@dTN773@e50 | |
| 中(高)压大功率变频器应用手册/吴忠智,吴加林编著.-北京:机械工业出版社,2003 |
| 465页;20cm |
| ISBN 7-111-12885-0:CNY35.00 |
| 本书介绍中(高)压变频器发展史及国内外现状、种类、原理及特点;应用的元器件特性;变频器对电动机的控制方式等内容。 |
| ● |
| 相关链接 |
|
|
|
|
正题名:中(高)压大功率变频器应用手册
索取号:TN773/50
 
预约/预借
| 序号 | 登录号 | 条形码 | 馆藏地/架位号 | 状态 | 备注 |
| 1 | 0567627 | 205676277 | 第二样本阅览室/ [索取号:TN773/50] | 在馆 | |
| 2 | 0567628 | 205676286 | 第三借阅区/ [索取号:TN773/50] | 在馆 | |
| 3 | 0567629 | 205676295 | 第三借阅区/ [索取号:TN773/50] | 在馆 | |
| 4 | 0567630 | 205676302 | 第三借阅区/ [索取号:TN773/50] | 在馆 | |
| 5 | 0567631 | 205676311 | 第三借阅区/ [索取号:TN773/50] | 在馆 | |
| 6 | 0567632 | 205676320 | 第三借阅区/ [索取号:TN773/50] | 在馆 | |
| 7 | 0567633 | 205676339 | 第三借阅区/ [索取号:TN773/50] | 在馆 | |
| 8 | 0567634 | 205676348 | 第三借阅区/ [索取号:TN773/50] | 在馆 |